000 00373 a2200109 4500
001 ART_41649
005 20260410161755.0
008 260409a
245 1 0 _aExtinción de la acción penal múltiple para los delitos penales tributarios y previsionales
100 1 _aSequeira, Marcos A.
773 0 _tDoctrina tributaria
_g- Nº 373 (abr. 2011)
_wREV4296
999 _c20009
_d20009